|
|
|
|
| LEADER |
01145nam a2200301 a 4500 |
| 001 |
15247752 |
| 008 |
101024s2009 njua 001 0 eng d |
| 010 |
|
|
|a 2008015703
|
| 020 |
|
|
|a 9780137147908
|
| 020 |
|
|
|a 0137147902
|
| 020 |
|
|
|a 9780136060604
|
| 020 |
|
|
|a 0136060609
|
| 040 |
|
|
|a DLC
|c DLC
|d BAKER
|d YDXCP
|d BTCTA
|d C#P
|d BWX
|d DLC
|d BD-DhAAL
|
| 082 |
0 |
0 |
|a 006.3/33
|2 22
|
| 100 |
1 |
|
|a Sprankle, Maureen.
|
| 245 |
1 |
0 |
|a Problem solving and programming concepts /
|c Maureen Sprankle, Jim Hubbard.
|
| 246 |
1 |
4 |
|a Problem solving & programming concepts
|
| 250 |
|
|
|a 8th ed.
|
| 260 |
|
|
|a Upper Saddle River, N.J. :
|b Pearson/Prentice Hall,
|c c2009.
|
| 300 |
|
|
|a 502 p. :
|b ill. (chiefly col.) ;
|c 28 cm.
|
| 500 |
|
|
|a Includes index.
|
| 541 |
1 |
|
|e 00021393
|
| 650 |
|
0 |
|a Computer programming.
|
| 650 |
|
0 |
|a Problem solving
|x Data processing.
|
| 700 |
1 |
|
|a Hubbard, Jim,
|d 1955-
|
| 852 |
4 |
|
|a Ayesha Abed Library
|j General Shelf.
|
| 999 |
|
|
|c 9871
|d 9871
|
| 952 |
|
|
|0 0
|1 0
|2 ddc
|4 0
|6 006_333000000000000_SPR_2009
|7 0
|9 12692
|a BRACUL
|b BRACUL
|c GEN
|d 2010-10-24
|e TRIM EDUCATION
|g 3600.00
|l 20
|m 112
|o 006.333 SPR
|p 3010021393
|r 2025-10-15
|s 2025-10-09
|t 1
|w 2010-10-24
|y BK
|